000 00762na a2200253 4500
001 24465
003 MIRAKIL
005 20181226104234.0
008 181114b tu 000 0
035 _a17428
041 _atur
082 _a328.37
_bC36k 1998
090 _a328.37 C36k 1998
111 _aCHP İzmir Toplantısı
_cİzmir
_d4 Temmuz 1998
240 _aCHP İzmir Toplantısı
245 _aKatılımcı demokrasi uygulaması
_cCumhuriyet Halk Partisi
260 _a[Ankara]
_bCHP
_c[t.y.]
300 _a132 s.
_c21 sm.
650 _aCHP
_xMYK
_yToplantılar
_zİzmir
650 _aCHP
_xDemokrasi
_yToplantılar
740 _aCHP İzmir Toplantısı Katılımcı Demokrasi Uygulaması
942 _2ddc
_cBKS
040 _aMilas
_btur
_cTR-AnCHP
999 _c11798
_d11798